<?xml version="1.0" encoding="UTF-8"?>
<record
    xmlns:xsi="http://www.w3.org/2001/XMLSchema-instance"
    xsi:schemaLocation="http://www.loc.gov/MARC21/slim http://www.loc.gov/standards/marcxml/schema/MARC21slim.xsd"
    xmlns="http://www.loc.gov/MARC21/slim">

  <leader>     nam a22     7a 4500</leader>
  <datafield tag="999" ind1=" " ind2=" ">
    <subfield code="c">151669</subfield>
    <subfield code="d">151667</subfield>
  </datafield>
  <controlfield tag="005">20191001141058.0</controlfield>
  <controlfield tag="008">191001b        xr ||||| |||| 00| 0 spa d</controlfield>
  <datafield tag="020" ind1=" " ind2=" ">
    <subfield code="a">9788024629285</subfield>
  </datafield>
  <datafield tag="050" ind1="0" ind2="4">
    <subfield code="a">BV2290</subfield>
    <subfield code="b">I7 2016</subfield>
  </datafield>
  <datafield tag="245" ind1="0" ind2="0">
    <subfield code="a">Ir m&#xE1;s all&#xE1; :</subfield>
    <subfield code="b">fuentes bohemicales para el estudio comparativo de la expansi&#xF3;n colonial espa&#xF1;ola en la temprana Edad Moderna /</subfield>
    <subfield code="c">Simona Binkov&#xE1;, Mark&#xE9;ta K&#x159;&#xED;&#x17E;ov&#xE1; et al.</subfield>
  </datafield>
  <datafield tag="250" ind1=" " ind2=" ">
    <subfield code="a">1a edici&#xF3;n</subfield>
  </datafield>
  <datafield tag="260" ind1=" " ind2=" ">
    <subfield code="a">Praga :</subfield>
    <subfield code="b">Universidad Carolina de Praga :</subfield>
    <subfield code="b">Karolinum,</subfield>
    <subfield code="c">2016</subfield>
  </datafield>
  <datafield tag="300" ind1=" " ind2=" ">
    <subfield code="a">246 p&#xE1;ginas ;</subfield>
    <subfield code="b">il. ;</subfield>
    <subfield code="c">23 cm</subfield>
  </datafield>
  <datafield tag="610" ind1="2" ind2="7">
    <subfield code="2">lemb</subfield>
    <subfield code="a">Jesuitas</subfield>
    <subfield code="z">Bohemia</subfield>
    <subfield code="x">Historia</subfield>
  </datafield>
  <datafield tag="610" ind1="2" ind2="7">
    <subfield code="2">lemb</subfield>
    <subfield code="a">Jesuitas</subfield>
    <subfield code="x">Misiones</subfield>
    <subfield code="z">M&#xE9;xico</subfield>
    <subfield code="x">Historia</subfield>
  </datafield>
  <datafield tag="610" ind1="2" ind2="7">
    <subfield code="2">lemb</subfield>
    <subfield code="a">Jesuitas</subfield>
    <subfield code="x">Misiones</subfield>
    <subfield code="z">Filipinas</subfield>
    <subfield code="x">Historia</subfield>
  </datafield>
  <datafield tag="610" ind1="2" ind2="7">
    <subfield code="2">lemb</subfield>
    <subfield code="a">Jesuitas</subfield>
    <subfield code="x">Misiones</subfield>
    <subfield code="z">Marianas (Islas)</subfield>
    <subfield code="x">Historia</subfield>
  </datafield>
  <datafield tag="700" ind1="1" ind2=" ">
    <subfield code="a">Binkov&#xE1;, Simona</subfield>
    <subfield code="d">[1957-   ]</subfield>
  </datafield>
  <datafield tag="700" ind1="1" ind2=" ">
    <subfield code="a">K&#x159;&#xED;&#x17E;ov&#xE1;, Mark&#xE9;ta</subfield>
  </datafield>
  <datafield tag="942" ind1=" " ind2=" ">
    <subfield code="2">lcc</subfield>
    <subfield code="c">LIB</subfield>
  </datafield>
  <datafield tag="952" ind1=" " ind2=" ">
    <subfield code="1">0</subfield>
    <subfield code="2">lcc</subfield>
    <subfield code="4">0</subfield>
    <subfield code="7">0</subfield>
    <subfield code="a">INV-033</subfield>
    <subfield code="b">INV-033</subfield>
    <subfield code="c">GENERAL</subfield>
    <subfield code="d">2019-10-01</subfield>
    <subfield code="k">EH</subfield>
    <subfield code="o">BV2290 I7 2016</subfield>
    <subfield code="p">IIH000029219</subfield>
    <subfield code="r">2019-10-01 00:00:00</subfield>
    <subfield code="t">C:1</subfield>
    <subfield code="v">1.00</subfield>
    <subfield code="y">LIB</subfield>
  </datafield>
</record>
